|
|
|
|
| LEADER |
00802nam a2200217 a 4500 |
| 001 |
c000069477 |
| 003 |
CARM |
| 005 |
20070927140833.0 |
| 008 |
880802s1955 enk 00010 eng d |
| 019 |
1 |
|
|a 5935731
|5 LACONCORD2021
|
| 035 |
|
|
|a (OCoLC)2279289
|5 LACONCORD2021
|
| 040 |
|
|
|a WMDU
|c WMDU
|
| 100 |
1 |
|
|a Pohl, Frederik.
|
| 245 |
1 |
4 |
|a The space merchants /
|c by Frederik Pohl & C.M. Kornbluth.
|
| 260 |
|
|
|a London ;
|a Melbourne :
|b William Heinemann,
|c 1955.
|
| 300 |
|
|
|a 186 p. ;
|c 19 cm.
|
| 700 |
1 |
|
|a Kornbluth, C. M.
|q (Cyril M.),
|d 1924-1958.
|
| 852 |
8 |
|
|b CARM
|h A2:AB29G0
|i A01298
|p 0119226
|f BK
|
| 082 |
0 |
|
|a 810.54
|
| 999 |
f |
f |
|i fa519661-94c8-50c3-8264-8885b67914a7
|s 8e4dc51d-344c-5db0-bd10-07e4eca62ef9
|
| 952 |
f |
f |
|p Can circulate
|a CAVAL
|b CAVAL
|c CAVAL
|d CARM 1 Store
|e A01298
|f A2:AB29G0
|h Other scheme
|i book
|m 0119226
|